000
00268nam a22001217a 4500
008
170221b xxu||||| |||| 00| 0 eng d
041
_a
eng
080
_a
615
100
_a
5
101
_a
SHF
245
_a
THE TOP 100 DRUG INTERACTIONS
_c
HANSTEN, P.D
942
_2
udc
_c
BK
999
_c
5937
_d
5937